Geography of France Quiz Stats

Quiz not verified by Sporcle

Challenge
Share
Tweet
Embed
Score 0/10 Timer 05:00
0 Plays Today
% Correct
Paris
100%
Seine
90.2%
Andorra
86.3%
Notre Dame Cathedral
82.4%
Mont Blanc
80.4%
The Eiffel Tower
72.5%
Massif Central
57.8%
Texas
55.4%
South of France
5.4%
Fish
4.4%

You're not logged in!

Compare scores with friends on all Sporcle quizzes.
Sign Up with Email
OR
Log In

You Might Also Like...

Show Comments

Extras

Top Quizzes Today


Score Distribution

Your Account Isn't Verified!

In order to create a playlist on Sporcle, you need to verify the email address you used during registration. Go to your Sporcle Settings to finish the process.

Report this User

Report this user for behavior that violates our Community Guidelines.

Details: